LEADER 01680nam a2200337 u 4500 001 000000024966 003 CaOOAMICUS 005 20130925115859.0 008 950717s1943 it u000 u lat u 035 $a10636709 040 $aPUL$bita$dBAV$dPUL(R) 100 1 $aGraneris, Giuseppe.$0(OLS)http://pul/name/15763 245 10$aPhilosophia iuris /$cIoseph Graneris. 260 $aTorino :$bSEI ;$aRomae :$bPont. Instituto Utriusque Juris,$cstampa 1943. 300 $a154 p. ;$c23 cm 504 $aBibliografia in nota. 505 1 $aV. 1. De notione iuris. 650 4$aFilosofia del diritto.$0(OLS)http://pul/subject/620 710 2 $aPontificia Universitą Lateranense.$bPontificium Institutum Utriusque Iuris.$0(OLS)http://pul/name/1777 850 $aPUL 852 $aPUL$W1$xDP1 Fondo Maccarrone$y58$m1500 A 16$j34917$nBK-PRI$b $qFondi$B34917$CPULBib$Z2$F34917 $H $81 852 $aPUL$W1$xDP2 Diritto e Scienze Sociali 1$y65$m237 C 58$j34918$nBK-PRI$qStampati$B34918$CPULBib$Z2$F34918 $H29663 $82 852 $aPUL$W1$xDP1 Fondo G. Barberini$y122$m2 A 48$j155970$nBK-PRI$b3 Copia$qFondi $B178237$CPULBib$Z2$F178237 $HBar785 $82 941 1 $a8 941 1 $a1 960 $aDiritto$xFilosofia$9620 961 $aINV: 00016 Fondo Mons. M. Maccarrone 961 $aNota ms. sulla c. di guardia anteriore: "Dono del Rev.mo Mons. Sante Sciubba". 996 $6245$aPhilosophia iuris$9(OLS)http://pul/title/7632 996 $6260$aTorino :$bSEI$9(OLS)http://pul/publisher/47967 996 $6260$aRomae :$bPont. Instituto Utriusque Juris$9(OLS)http://pul/publisher/58698 LEADER 01266nam a2200325 a 4500 001 000000129274 003 CaOOAMICUS 005 20120613101022.0 008 120613s2012 it u000 u ita r 020 $a978-88-348-2627-0 040 $aPUL$bita 082 04$a322.1 100 1 $aLillo, Pasquale.$0(OLS)http://pul/name/7967 245 10$aGlobalizzazione del diritto e fenomeno religioso /$cPasquale Lillo. 250 $a3. ed. 260 $aTorino :$bGiappichelli,$c©2012. 300 $aXII, 222 p. ;$c24 cm. 504 $aBibliografia a pič pagina. 650 4$aDiritto e religione.$0(OLS)http://pul/subject/20548 850 $aPUL 852 $aPUL$W1$xSL Diritto e Scienze Sociali 3$y79$m322. 1 LILPA 1$j149698$qDDC 21$B148220$CPULBib$Z2$F148220 $H120060 $82 941 1 $a9 960 $aDiritto ecclesiastico$920548 960 $aDiritto ecclesiastico$920548 960 $aReligione e diritto$920548 996 $6020$a978-88-348-2627-0$9(OLS)http://pul/number/149992 996 $6082$a322.1$9(OLS)http://pul/classification/1681 996 $6245$aGlobalizzazione del diritto e fenomeno religioso$9(OLS)http://pul/title/139764 996 $6260$aTorino :$bGiappichelli$9(OLS)http://pul/publisher/48244